00443nam a2200145Ia 4500008004100000020001800041041000800059082001500067100002300082245007900105250000600184260006100190300001600251650003000267210716s2008 xx 000 0 und d a9780070635821 aeng a658.3 BERH aBernardin, H John. aHuman resource management: an experiental approach.bExperiental approach. a3 aNew DelhibTata McGraw Hill Publishing Company Ltdc2008 axv,630/2003 aHuman Resource Management